| 000 | 00398 a2200109 4500 | ||
|---|---|---|---|
| 001 | ART_63703 | ||
| 005 | 20260410161949.0 | ||
| 008 | 260409a | ||
| 245 | 1 | 0 | _aAnálisis de la relación entre la DDJJ de salud, los aportes y el acceso a beneficios previsionales |
| 100 | 1 | _aBlanco, Mariela | |
| 773 | 0 |
_tTemas de derecho laboral _g- Año 11, N° 11/12 (nov./dic. 2025) _wREV27619 |
|
| 999 |
_c30217 _d30217 |
||